[Event "RUS-ch 74th"]
[Site "Ufa"]
[Date "2021.10.09"]
[Round "1"]
[White "Esipenko, Andrey"]
[Black "Rakhmanov, Alexander"]
[Result "1/2-1/2"]
[WhiteElo "2720"]
[BlackElo "2657"]
[PlyCount "80"]
[EventDate "2021.10.09"]
[EventType "tourn"]
[EventRounds "11"]
[EventCountry "RUS"]
[EventCategory "18"]
[SourceTitle "CBM 204 Extra"]
[Source "ChessBase"]
[SourceDate "2022.09.12"]
[SourceVersion "1"]
[SourceVersionDate "2022.09.12"]
[SourceQuality "1"]

1. d4 d5 2. c4 e6 3. Nf3 a6 4. cxd5 exd5 5. Nc3 c6 6. Qc2 Nf6 7. Bg5 Be6 8. e3 h6 9. Bf4 c5 10. dxc5 Bxc5 11. Be2 Nc6 12. O-O Rc8 13. Rad1 Qe7 14. Ne5 O-O 15. Nxc6 Rxc6 16. Bf3 Bb4 $146 ({RR} 16... Rd8 17. Be5 Nd7 18. Bd4 Bxd4 19. Rxd4 Ne5 20. Be2 Rc5 21. Qd2 Nc6 22. Rf4 b5 23. b4 Rc4 24. Bxc4 dxc4 25. Qc1 Nxb4 26. Rd4 Nd3 27. Qd2 Rxd4 28. exd4 Qd6 29. Qe3 Bf5 30. Rd1 Bg6 31. h3 {Sjugirov,S (2680)-Warmerdam,M (2607) Chess.com INT 2022 0-1 (33)}) 17. Be5 Rfc8 18. a3 Bxc3 19. Bxc3 Rc4 20. Qd3 Ne4 21. Bxe4 dxe4 22. Qd6 Qxd6 23. Rxd6 R4c6 24. Rfd1 f6 25. Rxc6 Rxc6 26. Rd4 Rc4 27. Rxc4 Bxc4 28. f3 exf3 29. gxf3 Kf7 30. Kf2 f5 31. Kg3 g5 32. h4 f4+ 33. exf4 gxh4+ 34. Kxh4 Kg6 35. f5+ Kxf5 36. Kh5 Kf4 37. Kxh6 Kxf3 38. Kg5 Bd5 39. Kf6 Ke3 40. Ke5 Bg2 1/2-1/2

[Event "RUS-ch 74th"]
[Site "Ufa"]
[Date "2021.10.16"]
[Round "7"]
[White "Rakhmanov, Alexander"]
[Black "Andreikin, Dmitry"]
[Result "0-1"]
[WhiteElo "2657"]
[BlackElo "2728"]
[PlyCount "90"]
[EventDate "2021.10.09"]
[EventType "tourn"]
[EventRounds "11"]
[EventCountry "RUS"]
[EventCategory "18"]
[SourceTitle "CBM 204 Extra"]
[Source "ChessBase"]
[SourceDate "2022.09.12"]
[SourceVersion "1"]
[SourceVersionDate "2022.09.12"]
[SourceQuality "1"]

1. d4 d5 2. c4 e6 3. Nc3 c6 4. cxd5 exd5 5. Bf4 Bd6 6. Bxd6 Qxd6 7. e3 Ne7 8. Bd3 Bf5 9. Nge2 Nd7 10. O-O O-O 11. Nf4 Nf6 ({RR} 11... Rfe8 12. Qd2 Nb6 13. b3 a5 14. a4 Qh6 15. Nce2 Nbc8 16. b4 axb4 17. Qxb4 Qd6 18. Qxb7 Rb8 19. Qa6 g5 20. Bxf5 Nxf5 21. Nd3 Nb6 22. Ne5 f6 23. Nxc6 Qxc6 24. a5 Nd6 25. axb6 Rxb6 26. Qd3 {Karjakin,S (2773)-Aronian,L (2767) Saint Louis 2018 1-0 (90)}) ({RR} 11... Rfe8 12. Qc2 Qf6 13. b4 Nb6 14. a4 Bxd3 15. Nxd3 Nc4 16. Nb2 Nd6 17. b5 Nef5 18. Nd3 Nc4 19. Nc5 Qg5 20. Kh1 Re7 21. a5 Nfd6 22. Rfb1 Rae8 23. bxc6 bxc6 24. a6 h5 25. Qc1 Qg6 26. Ne2 {Divya,D (2497)-Gledura,B (2652) Prague CZE 2026 ½-½ (37)}) 12. Qf3 Qd7 $146 ({RR} 12... Bxd3 13. Nxd3 Ng6 14. Nc5 Qe7 15. b4 b6 16. Nd3 Ne4 17. Rfc1 b5 18. Qf5 Nd6 19. Qh5 Rfe8 20. a4 a6 21. Ra2 Nc4 22. Rca1 Rad8 23. Rb1 Rd6 24. g3 Nf8 25. Nc5 Rh6 26. Qe2 Ne6 27. Nxa6 {Veinberg,N (2408)-Bauer,C (2557) Vrnjacka Banja SRB 2024 0-1 (43)}) 13. Qg3 Rae8 14. Rfe1 Ng6 15. Be2 Bg4 16. Bxg4 Nxg4 17. h3 Nh6 18. Nd3 Ne7 19. Nc5 Qc8 20. Qd6 b6 21. Nd3 Nhf5 22. Qf4 f6 23. b4 g5 24. Qg4 h5 25. Qxh5 Kg7 26. Qg4 Rh8 27. g3 Rh6 28. Kg2 Reh8 29. Rh1 Rxh3 30. Qxh3 Rxh3 31. Rxh3 Qa6 32. Nc1 Qa3 33. N1e2 Qxb4 34. Rah1 b5 35. Rh7+ Kg6 36. Rh8 Qc4 37. a3 a5 38. Ra8 b4 39. axb4 axb4 40. Ra4 c5 41. Rd1 cxd4 42. exd4 Nc6 43. Rc1 Ncxd4 44. Nxd4 Nxd4 45. Na2 Qb3 0-1

[Event "13th World Teams Pool A"]
[Site "Jerusalem ISR"]
[Date "2022.11.20"]
[Round "1.2"]
[White "Kovalenko, I."]
[Black "Gharamian, T."]
[Result "1-0"]
[WhiteElo "2674"]
[BlackElo "2601"]
[PlyCount "99"]
[EventDate "2022.11.20"]
[WhiteTeam "Ukraine"]
[BlackTeam "France"]
[WhiteTeamCountry "UKR"]
[BlackTeamCountry "FRA"]

1. c4 e6 2. Nc3 d5 3. d4 a6 4. cxd5 exd5 5. Nf3 Nf6 6. Bg5 Be6 7. e3 Nbd7 8. Bd3 h6 9. Bh4 g5 10. Bg3 Nh5 11. Qc2 Nxg3 12. hxg3 Bg7 ({RR} 12... c6 13. O-O-O Bg7 14. Kb1 Qe7 15. e4 dxe4 16. Bxe4 Nf6 17. Bf5 Bxf5 18. Qxf5 O-O 19. Rhe1 Qd7 20. Qc2 Rad8 21. Ne5 Qc8 22. Nc4 Nd5 23. Nxd5 cxd5 24. Ne3 Qxc2+ 25. Kxc2 f5 26. f4 Kh7 27. Rd3 {Duda,J (2729)-Andreikin,D (2729) Almaty KAZ 2022 ½-½ (33)}) 13. Bf5 Bxf5 14. Qxf5 c6 ({RR} 14... Nb6 15. O-O Qd7 16. Qc2 O-O 17. Rfe1 Rfe8 18. Rad1 c6 19. e4 dxe4 20. Nxe4 Qd5 21. Nc5 Qxa2 22. Nxb7 Qc4 23. Qd2 Qb3 24. Nc5 Qd5 25. Rxe8+ Rxe8 26. Nxa6 Nc4 27. Qc3 Ra8 28. Nc7 {1-0 (28) Kryakvin,D (2462)-Zafirakos,J (2064) chess.com INT 2024}) 15. g4 $146 ({RR} 15. e4 Qf6 16. Qxf6 Nxf6 17. e5 Nd7 18. Nh2 f6 19. f4 fxe5 20. dxe5 O-O 21. Ne2 Bxe5 22. fxe5 Nxe5 23. b3 Nd3+ 24. Kd2 Nf2 25. Rhf1 Ne4+ 26. Kc2 Kg7 27. g4 Kg6 28. Nd4 Rae8 29. Rae1 Rxf1 {Bocharov,D (2521)-Kostenko,P (2382) Cheliabinsk 2022 1-0 (49)}) 15... Qf6 16. Ke2 Qxf5 17. gxf5 g4 18. Ne1 h5 19. Nd3 Ke7 20. Nf4 Kf6 21. Nxh5+ Kxf5 22. f3 gxf3+ 23. gxf3 Bh6 24. Rh3 Ke6 25. Rah1 Rhg8 26. Ng3 Bg5 27. e4 dxe4 28. fxe4 Rg6 29. Nf5 Rag8 30. Kd3 Bd8 31. Rh8 Nf6 32. Rxg8 Rxg8 33. Rf1 Rg5 34. Rf3 Bc7 35. Na4 Nd7 36. b4 b6 37. Nc3 b5 38. Ne2 Nf8 39. Nh6 Rg7 40. e5 Bd8 41. Nf4+ Kd7 42. Nh5 Rh7 43. Nxf7 Rxh5 44. Nxd8 Kxd8 45. Rxf8+ Kc7 46. Rf7+ Kb6 47. e6 Rh1 48. Ke4 a5 49. a3 a4 50. e7 1-0

[Event "POR-chT"]
[Site "Ovar"]
[Date "2022.07.19"]
[Round "5.3"]
[White "Grigoryan, Karen H"]
[Black "Can, Emre"]
[Result "1-0"]
[WhiteElo "2643"]
[BlackElo "2606"]
[PlyCount "117"]
[EventDate "2022.07.16"]
[EventType "team-tourn"]
[EventRounds "9"]
[EventCountry "POR"]
[SourceTitle "CBM 209 Extra"]
[Source "ChessBase"]
[SourceDate "2022.09.30"]
[SourceVersion "1"]
[SourceVersionDate "2022.09.30"]
[SourceQuality "1"]
[WhiteTeam "Dias Ferreira"]
[BlackTeam "Gaia"]
[WhiteTeamCountry "POR"]
[BlackTeamCountry "POR"]

1. c4 e6 2. d4 d5 3. cxd5 exd5 4. Nc3 c6 5. Qc2 Bd6 6. Nf3 Ne7 7. Bg5 Na6 8. e3 Nb4 9. Qd2 Bf5 10. Rc1 a5 11. a3 $146 ({RR} 11. Be2 O-O 12. O-O Re8 13. Rfe1 Na6 14. Bd3 Bxd3 15. Qxd3 Qd7 16. Bxe7 Rxe7 17. a3 Rae8 18. Na4 Qd8 19. Qb3 h6 20. Qb6 Qxb6 21. Nxb6 Nc7 22. Rc2 Ne6 23. Rec1 f5 24. g3 g5 25. Kh1 Kg7 {Kashefi,A (2188)-Bacrot,E (2684) chess.com INT 2024 1-0 (50)}) 11... Na6 12. Bd3 Bxd3 13. Qxd3 O-O 14. Na4 Nc7 15. Bh4 Qe8 16. Bg3 Nb5 17. Nc3 Nxc3 18. bxc3 Nc8 19. c4 dxc4 20. Rxc4 Qe7 21. Rc3 Re8 22. O-O Bxg3 23. hxg3 a4 24. Rb1 Ra5 25. Ne5 Nd6 26. Nc4 Rh5 27. Nxd6 Qxd6 28. Rxb7 Qh6 29. f4 Rh1+ 30. Kf2 Qh2 31. Rb1 h5 32. Rxh1 Qxh1 33. Rxc6 h4 34. gxh4 Qxh4+ 35. Kf3 Qh5+ 36. Kg3 f5 37. Qd2 Rb8 38. d5 Qg4+ 39. Kf2 Qh4+ 40. Ke2 Qh1 41. Kd3 Rb3+ 42. Rc3 Qf1+ 43. Kd4 Qa1 44. Qc1 Qxc1 45. Rxc1 Rxa3 46. d6 Kf7 47. Rc7+ Ke6 48. Rxg7 Kxd6 49. g4 fxg4 50. Rxg4 Kc6 51. Rg6+ Kb5 52. Rg8 Ra1 53. Rb8+ Kc6 54. Ke5 a3 55. e4 Re1 56. Ra8 Re3 57. f5 Kd7 58. f6 Rf3 59. Ra7+ 1-0

[Event "Catas Altas op 3rd"]
[Site "Catas Altas"]
[Date "2022.07.10"]
[Round "6"]
[White "Mareco, Sandro"]
[Black "Supi, Luis Paulo"]
[Result "1/2-1/2"]
[WhiteElo "2657"]
[BlackElo "2603"]
[PlyCount "39"]
[EventDate "2022.06.28"]
[EventType "swiss"]
[EventRounds "7"]
[EventCountry "BRA"]
[SourceTitle "EXT 2023"]
[Source "ChessBase"]
[SourceDate "2022.10.05"]
[SourceVersion "1"]
[SourceVersionDate "2022.10.05"]
[SourceQuality "1"]

1. d4 d5 2. c4 e6 3. Nf3 a6 4. cxd5 exd5 5. Nc3 h6 6. Bf4 Nf6 7. Rc1 ({RR} 7. e3 Bd6 8. Be5 c6 9. Bd3 Be7 10. h3 Be6 11. O-O Nbd7 12. Bh2 O-O 13. Rc1 Rc8 14. Bb1 c5 15. dxc5 Nxc5 16. Nd4 Bd6 17. Bxd6 Qxd6 18. Qf3 Qe5 19. Rfd1 Nce4 20. Nce2 Rxc1 21. Rxc1 Rc8 {Ding,L (2799)-Carlsen,M (2847) chess24.com INT 2021 ½-½ (55)}) 7... Bd6 8. Be5 $146 ({RR} 8. e3 O-O 9. Be2 Bg4 10. Ne5 Bxe2 11. Qxe2 Re8 12. Bg3 Nbd7 13. f4 Bb4 14. Bh4 c5 15. O-O Bxc3 16. bxc3 Qc7 17. c4 cxd4 18. exd4 dxc4 19. Qxc4 Qxc4 20. Rxc4 Rac8 21. Rfc1 Nb6 22. Rxc8 Rxc8 {DAntonio,N-Maldonado Gonzales,S (2032) Rome ITA 2023 1-0 (47)}) ({RR} 8. Ne5 O-O 9. e3 Re8 10. Bd3 c5 11. Bg3 cxd4 12. exd4 Nc6 13. f4 Qb6 14. Bf2 Ng4 15. O-O Nxf2 16. Rxf2 Nxd4 17. Nxd5 Qa7 18. Nxf7 Kxf7 19. Qh5+ Kf8 20. Bg6 Ne2+ 21. Kf1 Bd7 22. Bxe8 Rxe8 {Huayhuas Robles,L (1806)-Do Carmo,G (2059) chess.com INT 2026 0-1 (34)}) 8... Be6 9. Qb3 O-O 10. Qxb7 Nbd7 11. Bxd6 cxd6 12. Qb4 Rb8 13. Qa3 Qb6 14. e3 Qxb2 15. Qxb2 Rxb2 16. Bxa6 Ne4 17. O-O Nxc3 18. Rxc3 Rxa2 19. Bd3 Nf6 20. Rc2 1/2-1/2

[Event "RUS-chT 29th"]
[Site "Sochi"]
[Date "2022.05.05"]
[Round "4.3"]
[White "Grischuk, Alexander"]
[Black "Esipenko, Andrey"]
[Result "1-0"]
[WhiteElo "2742"]
[BlackElo "2709"]
[PlyCount "139"]
[EventDate "2022.05.01"]
[EventType "team-tourn"]
[EventRounds "7"]
[EventCountry "RUS"]
[SourceTitle "CBM 208 Extra"]
[Source "ChessBase"]
[SourceDate "2022.07.31"]
[SourceVersion "1"]
[SourceVersionDate "2022.07.31"]
[SourceQuality "1"]
[WhiteTeam "Moscow KPRF"]
[BlackTeam "St Petersburg Bronze Horseman"]
[WhiteTeamCountry "RUS"]
[BlackTeamCountry "RUS"]

1. d4 {Tsesarsky,Ilya} d5 2. c4 c6 3. Nc3 Nf6 4. e3 e6 5. b3 Nbd7 ({RR} 5... Be7 6. Bd3 O-O 7. Nf3 dxc4 8. bxc4 c5 9. O-O Nc6 10. Bb2 Kh8 11. Ne4 ({RR} 11. Qe2 cxd4 ({RR} 11... b6 12. Rfd1) 12. exd4 Nxd4 13. Nxd4 Qxd4 14. Nd5 Qc5 15. Nxe7 ({RR} 15. Bxf6 gxf6 ({RR} 15... Bxf6 16. Qe4 g6 17. Nxf6) 16. Nxe7 ({RR} 16. Qh5 f5 17. Nxe7 Qxe7 18. Rfe1 Qf6 19. Rad1 Rg8) 16... Qxe7 17. Rad1 Rg8) 15... Qxe7) 11... cxd4 12. exd4 Nb4 13. Bb1 Qc7 14. a3) ({RR} 5... c5 6. Bb2 cxd4 7. exd4 Bb4 ({RR} 7... Be7) 8. a3 Bxc3+ 9. Bxc3 dxc4 10. bxc4 Ne4 11. Rc1 Nxc3 12. Rxc3 Qa5 13. Qd2 O-O 14. Nf3 Rd8 15. Bd3 Nc6 ({RR} 15... Nd7 16. O-O b6 17. Re1 Bb7 18. Ne5 Nf6 ({RR} 18... h6 19. Qc2 Nf6 ({RR} 19... Rac8 20. Bh7+ Kf8 21. Nxf7 Nf6 ({RR} 21... Kxf7 22. Qg6+ Kf8 23. Qxe6) 22. Nxd8))) 16. O-O b6) ({RR} 5... dxc4 6. Bxc4 Nbd7 7. Bb2 Bd6 8. Nf3 O-O 9. O-O e5 10. Qc2 Qe7 11. Rae1 e4 12. Nd2 Re8 ({RR} 12... Bxh2+ 13. Kxh2 Ng4+ 14. Kg3 Qd6+ 15. f4 exf3+ 16. Kxf3 ({RR} 16. Kxg4 Ne5+ 17. Kg3 Nxc4+ 18. Kxf3 Nxb2 19. Qxb2) 16... Nh2+ ({RR} 16... Ndf6 17. Nde4 Nxe4 18. Qxe4 b5 ({RR} 18... Nh2+) 19. Bd3 f5 ({RR} 19... Nh2+ 20. Kf2 f5 21. Qh4 Nxf1 22. Rxf1) 20. Qf4 Nh2+ 21. Ke2 Qxf4 ({RR} 21... Nxf1 22. Qxd6) 22. Rxf4) 17. Kf2 Nxf1 18. Rxf1)) ({RR} 5... Bd6 6. Bd2 O-O 7. Nf3 Qe7 8. Bd3 ({RR} 8. a3 Nbd7 ({RR} 8... Bxa3))) ({RR} 5... Bb4 6. Bb2 c5 ({RR} 6... Nbd7 7. a3 Bd6 8. Nf3 b6 9. Bd3 Bb7 10. O-O O-O 11. b4 dxc4 12. Bxc4 a5 13. b5 Qb8 14. bxc6 Bxc6 15. d5 exd5 16. Nxd5 b5 17. Ba2 Ra6) ({RR} 6... Ne4 7. Qc2 O-O ({RR} 7... e5 8. O-O-O Bf5 9. Bd3 ({RR} 9. Nxe4 Bxe4 10. Qe2 Qa5 11. f3 Bg6 12. a4 O-O) 9... Nxc3 10. Bxc3 ({RR} 10. Bxf5 Nxd1) 10... Ba3+ 11. Bb2 Bxd3 12. Qxd3 ({RR} 12. Rxd3 e4 13. Rd1 Bd6 14. f3) 12... e4 13. Qe2 Bxb2+ 14. Kxb2 O-O 15. Nh3) ({RR} 7... f5 8. Bd3 O-O 9. a3 Bd6 10. g3 Nd7 11. f3 Nxc3 12. Bxc3 Qe7 13. f4 b6 14. Bb2 c5 15. Nf3 Bb7 16. O-O Rac8 17. Qe2 Nf6) 8. a3 Bxc3+ 9. Bxc3 Nxc3 10. Qxc3 b6 11. Nf3 Bb7 12. b4 dxc4 13. Bxc4 c5 14. dxc5 bxc5 15. b5 Nd7 16. O-O Qf6) 7. dxc5 Ne4 8. Qc2 d4 9. exd4 Qxd4 10. Rc1 Nd7 11. Nf3 Bxc3+ 12. Bxc3 Qxc3+ 13. Qxc3 Nxc3 14. Rxc3 Nxc5 15. b4 Ne4 16. Re3 Nf6 17. Be2 Ke7 18. O-O Rd8 19. h3 Bd7 20. Ne5) 6. Bb2 b6 7. Nf3 Bb7 8. Bd3 Bd6 9. O-O O-O 10. Qe2 Re8 11. Rad1 ({RR} 11. Rfd1) 11... Rc8 $146 ({RR} 11... Qe7 12. e4 ({RR} 12. e4 dxc4 ({RR} 12... Nh5 13. e5 Bb4 ({RR} 13... Nf4 14. Qd2) 14. Qe3) ({RR} 12... dxe4 13. Nxe4 Nxe4 14. Bxe4 Nf6 15. Bc2) 13. bxc4 e5 14. d5) 12... dxe4 13. Nxe4 Nxe4 14. Qxe4 f5 15. Qe2 c5 16. d5 exd5 17. Qxe7 Rxe7 18. cxd5 g6 19. Bb5 Rd8 20. a4 h6 21. Nd2 Kf7 22. Nc4 Nf6 23. Bc6 Bxc6 24. dxc6 Ne8 25. f4 Re6 26. Be5 {Iskusnyh,S (2486)-Yagupov,I (2450) Tomsk 1999 0-1 (64)}) ({RR} 11... Qe7 12. cxd5 exd5 13. Qc2 Rac8 14. Ne2 Ne4 15. Ng3 g6 16. Rfe1 h5 17. Nf1 c5 18. dxc5 ({RR} 18. Qe2 Ndf6) 18... Ndxc5 ({RR} 18... bxc5 19. N1d2 ({RR} 19. Bxe4 Qxe4 20. Qxe4 Rxe4) 19... Ndf6 20. h3) 19. Qb1 Rc7 ({RR} 19... Nxd3 20. Qxd3 Bb4 21. N1d2 Bc3 22. Bxc3 Rxc3 23. Qb1 ({RR} 23. Qd4 Rc2 24. a4 Rec8) 23... Rec8 24. Nd4 a6) 20. Be2 Ne6 ({RR} 20... Rec8 21. Rc1) 21. Rc1 Rxc1 ({RR} 21... Rec8 22. Rxc7 Rxc7 23. Rc1) 22. Rxc1 Ba3 23. Rc2 ({RR} 23. Bxa3 Qxa3 24. Rc2) 23... Bxb2 24. Qxb2 h4 ({RR} 24... Nd6 25. N1d2) 25. h3 N6g5 26. Nxg5 {Atalik,S (2595)-Ippolito,D (2435) New York 1998 CBM 064 [Tsesarsky,Ilya] 1-0 (41)}) 12. e4 e5 13. Bb1 Ba6 14. dxe5 Nxe5 15. Nxe5 Bxe5 16. Qc2 Qc7 17. f4 Bxf4 18. exd5 Rcd8 19. g3 Be5 20. Rxf6 gxf6 21. Qxh7+ Kf8 22. Ba3+ c5 23. Ne4 f5 24. Qxf5 Bc8 25. Qh5 f5 26. Ng5 Kg8 27. Rf1 Rf8 28. Bc1 Qg7 29. Nf3 Bf6 30. Bh6 Qf7 31. Qxf7+ Rxf7 32. Bf4 Re8 33. Bd3 Bd7 34. Kf2 Bc8 35. h4 Bd7 36. a4 Bc8 37. Rc1 Bb2 38. Rc2 Bf6 39. Bd2 Bg7 40. Ra2 Rb7 41. a5 Bd7 42. a6 Rbb8 43. Bf4 Rbd8 44. h5 Bf6 45. Nh4 Bxh4 46. gxh4 Bc8 47. Ra1 Rf8 48. Kf3 Rf7 49. Bg5 Re8 50. Kf4 Kh7 51. d6 Kg7 52. Be7 Kh6 53. Be2 Rfxe7 54. dxe7 Rxe7 55. Bf3 Rc7 56. Ke5 Re7+ 57. Kf4 Rc7 58. Rd1 Bxa6 59. Rd6+ Kh7 60. h6 Bb7 61. Bd5 b5 62. Kg5 f4 63. Kxf4 Bxd5 64. cxd5 c4 65. bxc4 b4 66. Rc6 Rf7+ 67. Ke3 b3 68. Kd2 a5 69. Ra6 Rf4 70. Kc3 1-0

[Event "Prague Masters 4th"]
[Site "Prague"]
[Date "2022.06.08"]
[Round "1"]
[White "Navara, David"]
[Black "Anton Guijarro, David"]
[Result "1-0"]
[WhiteElo "2681"]
[BlackElo "2692"]
[PlyCount "99"]
[EventDate "2022.06.08"]
[EventType "tourn"]
[EventRounds "9"]
[EventCountry "CZE"]
[EventCategory "18"]
[SourceTitle "CBM 209"]
[Source "ChessBase"]
[SourceDate "2022.08.31"]
[SourceVersion "1"]
[SourceVersionDate "2022.08.31"]
[SourceQuality "1"]

1. d4 {Krasenkow,Michal} d5 2. c4 e6 3. Nc3 c6 4. e4 dxe4 5. Nxe4 Bb4+ 6. Bd2 Qxd4 7. Bxb4 Qxe4+ 8. Be2 Na6 9. Bd6 Qxg2 10. Qd2 Qe4 ({RR} 10... e5 11. Bxe5 ({RR} 11. Bf3 Qg6 12. Bxe5 Be6 13. O-O-O Nf6 14. Ne2 Qf5 15. Qc3 Nb4 16. Qxb4 Qxe5 17. Rhe1 Qc7 18. Nd4 O-O-O) 11... Bf5 ({RR} 11... Be6 12. O-O-O) ({RR} 11... Qxh1 12. O-O-O) 12. Bf3 ({RR} 12. O-O-O Qe4 ({RR} 12... Ne7 13. Nf3 f6 14. Rhg1 Qh3 15. Rxg7 fxe5 16. Rxe7+ Kxe7 17. Qd6+) {RR} 13. Bd3 Qxd3 14. Qxd3 Bxd3 15. Bxg7 Nb4) 12... Qg6 13. O-O-O Nc5 14. Qe3 Bb1 ({RR} 14... Ne6 15. Ne2) 15. Rd2 ({RR} 15. Bd6+ Ne6 16. Qb3 O-O-O 17. Bxc6 Nc5 18. Bxc5 Rxd1+ 19. Qxd1 Qxc6 20. Qg4+ Kb8 21. Qg3+ Kc8 22. Kxb1 Qxh1 23. Qxg7 Qe4+ 24. Kc1 Qxc4+ 25. Kd1 Qxc5 26. Qxh8) 15... Bxa2 16. Bd6+ ({RR} 16. Rd6 Nb3+ 17. Kd1 Qb1+ 18. Ke2 Qc2+ 19. Ke1 Ne7 20. Bxg7) 16... Ne6 17. Be4 Qh6 18. f4 Nf6 19. Nf3 Bxc4 ({RR} 19... Nxe4 20. Qxe4 O-O-O 21. Ne5 Rhe8 ({RR} 21... Qf6 22. Nxc6 Rxd6 23. Rxd6 bxc6 24. Qxc6+ Kb8 25. Qb5+ Ka8) 22. Nxf7 ({RR} 22. Nxc6 Rxd6 23. Rxd6 Qxf4+ 24. Qxf4 Nxf4) 22... Nd4 23. Qxd4 Qg6 24. f5 Qxf7 25. Qxa7 Rxd6 26. Qa8+ Kc7 27. Qa5+ Kb8 28. Rxd6 Qxc4+ 29. Qc3) 20. Re1 O-O-O ({RR} 20... Nd5 21. Qf2 Rd8) ({RR} 20... Bd5 21. Bf5 Qh5 22. Ng5 O-O-O 23. Nxe6 fxe6 24. Bxe6+ Bxe6 25. Qxa7 Rxd6 26. Rxd6 Bd7 27. Qa8+ Kc7 28. Rxd7+ Nxd7 29. Qxh8) 21. Bxc6 Ba6 ({RR} 21... bxc6 22. Qxa7 Rxd6 23. Qa8+ Kc7 24. Qa7+) 22. Ng5 Nxg5 ({RR} 22... Rxd6 23. Rxd6 bxc6 24. Nxf7 Qxf4 25. Rxc6+ ({RR} 25. Qxf4 Nxf4 26. Nxh8 Kc7 27. Nf7 Nd3+ 28. Rxd3 Bxd3) 25... Kb7 26. Rxe6 Rc8+ 27. Kb1 Qf5+ 28. Ka1 Qa5+ 29. Qa3) 23. Bd7+ Kxd7 ({RR} 23... Rxd7 24. Qc5+ Kd8 25. Be7+ Ke8 26. Qc8+) ({RR} 23... Nxd7 24. Qc3+) 24. Qe7+ Kc6 25. Qc7+ {Bacrot,E (2713)-Morozevich,A (2770) Biel 2012 CBM 150 [Krasenkow,Michal] 1-0}) ({RR} 10... Qxh1 11. O-O-O) ({RR} 10... Nf6) 11. Nf3 $146 ({RR} 11. O-O-O e5 12. Bxe5 Bf5 13. Bd3 Qxd3 14. Qxd3 Bxd3 15. Bxg7 Nb4 16. Re1+ Ne7 17. Bxh8 Bg6 18. Kd2 O-O-O+ 19. Kc3 c5 20. b3 Nxa2+ 21. Kb2 Rd2+ 22. Ka3 Nb4 23. Re2 Rd6 24. Rxe7 Ra6+ 25. Kb2 Ra2+ {Khachatryan,A (2154)-Nomin-Erdene,D (2328) Batumi GEO 2026 ½-½ (92)}) 11... e5 12. Rg1 g6 13. Ng5 Qf4 14. Qxf4 exf4 15. Bxf4 Bf5 16. Rg3 h6 17. Re3+ Kf8 18. Bd6+ Kg7 19. Nf3 Nf6 20. Nd4 Ne4 21. Nxf5+ gxf5 22. Be5+ f6 23. Bf4 Rad8 24. f3 Ng5 25. Re7+ Kg6 26. h4 Rh7 27. Rxh7 Nxh7 28. Kf2 Nf8 29. Rg1+ Kh7 30. Be3 Ne6 31. Bxa7 Nb4 32. a3 Nd3+ 33. Bxd3 Rxd3 34. Re1 Ng7 35. Re7 Rd2+ 36. Re2 Rd1 37. Re7 Rd2+ 38. Re2 Rd1 39. b4 Kg6 40. Re7 Rd2+ 41. Ke1 Ra2 42. Rxb7 Rxa3 43. b5 cxb5 44. cxb5 f4 45. h5+ Nxh5 46. b6 Ra1+ 47. Kd2 Ng3 48. Rc7 Nf1+ 49. Kd3 Ne3 50. b7 1-0

[Event "FIDE World Cup"]
[Site "Krasnaya Polyana"]
[Date "2021.07.19"]
[Round "3.2"]
[White "Gelfand, Boris"]
[Black "Artemiev, Vladislav"]
[Result "1/2-1/2"]
[WhiteElo "2675"]
[BlackElo "2704"]
[PlyCount "64"]
[EventDate "2021.07.12"]
[EventType "k.o."]
[EventRounds "8"]
[EventCountry "RUS"]
[SourceTitle "CBM 203"]
[Source "ChessBase"]
[SourceDate "2021.08.31"]
[SourceVersion "1"]
[SourceVersionDate "2021.08.31"]
[SourceQuality "1"]

1. Nf3 d5 2. d4 e6 3. c4 a6 4. cxd5 exd5 5. Nc3 c6 6. Qc2 Bd6 7. Bg5 Ne7 8. e3 f6 9. Bh4 Bf5 10. Qb3 Nd7 11. Bg3 Bxg3 12. hxg3 Qb6 13. Be2 ({RR} 13. Nd2 Qxb3 14. axb3 Kf7 15. Be2 c5 16. f4 Be6 17. dxc5 Nxc5 18. b4 Nd7 19. Kf2 b5 20. Bf3 Nb6 21. g4 g6 22. Nb3 Nc4 23. Nc5 Nxb2 24. Nxb5 axb5 25. Rxa8 Rxa8 26. Rxh7+ Ke8 27. Nxe6 Ra2 {Salna,A (2317)-Dijokas,J (2022) Lithuania LTU 2026 1-0 (51)}) 13... Kf7 $146 ({RR} 13... Qxb3 14. axb3 Kf7 15. b4 h5 16. Nd2 g6 17. Nb3 Rab8 18. Nc5 Kg7 19. f3 Nxc5 20. bxc5 b6 21. cxb6 Rxb6 22. Na4 Rb4 23. Kf2 Re8 24. Rhc1 Bc8 25. Rc3 Bb7 26. b3 Ra8 27. Nc5 Bc8 28. Rc2 {Bocharov,D (2522)-Sahib,S (2413) Oskemen KAZ 2025 1-0 (40)}) 14. Nh4 Qxb3 15. axb3 Be6 16. b4 Nb6 17. Nf3 h5 18. Nd2 g6 19. Nb3 Nf5 20. Nc5 Nd6 21. b3 Rae8 22. Kd2 Bc8 23. Rh2 Kg7 24. Rah1 f5 25. Rc1 Re7 26. Nd3 Nd7 27. f4 Nf6 28. Bf3 Ng4 29. Bxg4 fxg4 30. Ne5 Nf5 31. Ne2 Nd6 32. Nc3 Nf5 1/2-1/2

[Event "FIDE World Cup"]
[Site "Krasnaya Polyana"]
[Date "2021.07.28"]
[Round "6.1"]
[White "Tabatabaei, Mohammad Amin"]
[Black "Fedoseev, Vladimir1"]
[Result "1/2-1/2"]
[WhiteElo "2613"]
[BlackElo "2696"]
[PlyCount "63"]
[EventDate "2021.07.12"]
[EventType "k.o."]
[EventRounds "8"]
[EventCountry "RUS"]
[SourceTitle "CBM 203"]
[Source "ChessBase"]
[SourceDate "2021.08.31"]
[SourceVersion "1"]
[SourceVersionDate "2021.08.31"]
[SourceQuality "1"]

1. c4 e6 2. Nc3 d5 3. d4 Be7 4. cxd5 exd5 5. Bf4 c6 6. e3 Bf5 7. Nge2 Nf6 8. Ng3 Be6 9. Bd3 g6 ({RR} 9... O-O 10. O-O Re8 11. h3 Nbd7 12. Rc1 Nf8 13. Nge2 Ng6 14. Bg3 Bd6 15. Bxd6 Qxd6 16. f3 Nh5 17. Qd2 Ng3 18. Nxg3 Qxg3 19. Qf2 Qd6 20. f4 f5 21. Nb1 b6 22. Qc2 Bd7 23. Rfe1 Ne7 24. Nd2 {Svidler,P (2755)-Radjabov,T (2781) Porto Carras 2011 0-1 (53)}) ({RR} 9... O-O 10. Nf5 Bxf5 11. Bxf5 Nbd7 12. O-O Re8 13. Qf3 g6 14. Bh3 Nh5 15. Bh6 Nb6 16. Rfd1 Bg5 17. Bxg5 Qxg5 18. b3 Re7 19. g3 Kg7 20. e4 dxe4 21. Nxe4 Qd5 22. Bg2 Rae8 23. Nc3 Qxf3 24. Bxf3 {Ha,Y (1959)-Ratkovic,M (2501) Kovin SRB 2026 0-1 (45)}) 10. h4 Nbd7 $146 ({RR} 10... h5 11. Qc2 a5 12. Nge2 Na6 13. a3 c5 14. Qb1 Bd7 15. Be5 Bc6 16. Bxg6 fxg6 17. Qxg6+ Kd7 18. Qf5+ Ke8 19. Nf4 Rg8 20. Ne6 Qb6 21. dxc5 Nxc5 22. Nxc5 Qxc5 23. Bxf6 d4 24. Qxc5 Bxc5 25. exd4 {Hansen,L (2231)-Matthiesen,M (2330) Kolding 2018 1-0 (56)}) 11. h5 Rg8 12. hxg6 hxg6 13. Nge2 Nh5 14. Qc2 Nxf4 15. Nxf4 Nf8 16. O-O-O Bd6 17. Kb1 Qa5 18. a3 O-O-O 19. Na4 Qc7 20. g3 Bg4 21. Rc1 Bf3 22. Rhe1 Nd7 23. b4 Kb8 24. Qb3 Nb6 25. Nc5 Qe7 26. a4 g5 27. Ne2 Rh8 28. Nc3 Rh2 29. Rc2 Nc4 30. e4 Bxc5 31. bxc5 Bxe4 32. Nxe4 1/2-1/2

[Event "EU-Cup 37th"]
[Site "Mayrhofen"]
[Date "2022.10.07"]
[Round "5.5"]
[White "Van Wely, Loek"]
[Black "Movsesian, Sergei"]
[Result "1-0"]
[WhiteElo "2629"]
[BlackElo "2619"]
[PlyCount "99"]
[EventDate "2022.10.03"]
[EventType "team-swiss"]
[EventRounds "7"]
[EventCountry "AUT"]
[SourceTitle "EXT 2023"]
[Source "ChessBase"]
[SourceDate "2022.10.05"]
[SourceVersion "1"]
[SourceVersionDate "2022.10.05"]
[SourceQuality "1"]
[WhiteTeam "Clichy Echecs 92"]
[BlackTeam "Asnieres"]
[WhiteTeamCountry "FRA"]
[BlackTeamCountry "FRA"]

1. c4 e6 2. Nc3 d5 3. d4 a6 4. cxd5 exd5 5. Qb3 c5 6. dxc5 Nf6 7. Bg5 Bxc5 8. O-O-O d4 9. e3 Nc6 10. Nf3 Bg4 $146 ({RR} 10... Be6 11. Qxb7 Na5 12. Bxf6 Nxb7 13. Bxd8 dxc3 14. Bc7 O-O 15. Be5 cxb2+ 16. Kxb2 Na5 17. Rc1 Rfc8 18. Bd3 f6 19. Bd4 Be7 20. Ka1 Bd5 21. Bf5 Rxc1+ 22. Rxc1 Ba3 23. Rc7 Nc6 24. Bb2 Bd6 25. Rd7 {Garriga Cazorla,P (2495)-Valenzuela Gomez,F (2388) Barcelona 2019 0-1 (35)}) 11. exd4 Bxf3 12. Re1+ Be7 13. Bxf6 gxf6 14. gxf3 Rc8 15. d5 Ne5 16. f4 Ng6 17. f5 Ne5 18. f4 Nf3 19. Re3 Nh4 20. Bd3 Kf8 21. Qxb7 Bd6 22. Rf1 Ng2 23. Re4 Rg8 24. Bxa6 Rc7 25. Qb5 Re7 26. Kb1 Ne3 27. Re1 Nxf5 28. Qc6 Nd4 29. Qa4 Qb6 30. Rxe7 Bxe7 31. Bb5 Nf3 32. d6 Bd8 33. Re8+ Kg7 34. Rxg8+ Kxg8 35. d7 Nd2+ 36. Kc2 Nf3 37. Kb1 Kg7 38. a3 Nd2+ 39. Kc2 Nf3 40. Kb1 Nd2+ 41. Ka1 Qg1+ 42. Ka2 Qxh2 43. Qd4 Qg2 44. Qe3 h5 45. Be2 Nf1 46. Qe8 Ba5 47. d8=Q Bxd8 48. Qxd8 h4 49. Qd5 h3 50. Bc4 1-0